| 000 | 00430nam a2200169Ia 4500 | ||
|---|---|---|---|
| 008 | 230711s9999||||xx |||||||||||||| ||und|| | ||
| 020 | _a81-239-0975-6 | ||
| 041 | _aENG | ||
| 082 |
_a547 _bIN-S |
||
| 100 | _aIngold,C.K | ||
| 245 | 0 | _aStructure & mechanism in organic Chemistry | |
| 250 | _a2nd Ed. | ||
| 260 |
_c1994 _aNew Delhi _bCBS Publishers & Distributors Pvt.Ltd |
||
| 300 | _a1266p. | ||
| 650 | _aPharmacy | ||
| 942 | _cBK | ||
| 999 |
_c7113 _d7113 |
||